=LDR 00000nam 2200000 4500 =001 INLIS000000000059704 =005 20211129081950 =035 ##$$a 0010-1121000441 =007 ta =008 211129###########################0#ind## =020 ##$$a 000-9999-9876 =082 ##$$a 338.62 =084 ##$$a 338.62 Bum b =245 ##$$a BUMN Membangun Bangsa ( BUMNsto Develop the Nation : $b Sebab Kebangkitan Nasional 100th Anniversary of Commemoration of the National Awakening /$c Kementerian BUMN Republik Indonesia =300 ##$$a 263 halaman : $b Ilustrasi ; $c 30 Cm. =650 #4$$a Badan Usaha Milik Negara =264 ##$$a jakarta :$b Forum Humas BUMN Republik Indonesia,$c 2009 =336 ##$$a teks$2 rdacontent =337 ##$$a lain-lain$2 rdamedia =338 ##$$a lain-lain$2 rdacarrier =990 ##$$a 32433243